000 00633nam a2200229Ia 4500
003 OSt
005 20221007081906.0
006 a|||||r|||| 00| 0
007 ta
008 221006b |||||||| |||| 00| 0 eng d
024 _a17,785
037 _cTextual
040 _aFLL
_cFLL
_beng
041 _2eng
_aeng
082 _aY:5:Z4, L9
100 _aJayasuriya D.C.
_9694608
245 0 _aLegal dimensions of population dynamics
260 _aSri Lanka
_bAssociated Educational Publishers Sri Lanka
_c1979
300 _a174p
_ccm.
942 _hY:5:Z4, L9
_cTEXL
_2CC
999 _c1164610
_d1164610